000 01008cam a22002893a 4500
001 23199
003 PGUSA
005 20140828083508.0
008 071026s2007||||xxu|||||s|||||000 | eng d
040 _aPGUSA
_beng
042 _adc
050 4 _aDC
100 1 _aDuval, Louis François Marin,
_d1840-1917
245 1 0 _aUn frère de Nicolas Foucquet :
_bFrançois, Archevêque de Narbonne; Exilé à Alençon
_h[electronic resource] /
_cLouis François Marin Duval
260 _bProject Gutenberg,
_c2007
506 _aPublic domain in the USA.
516 _aElectronic text
653 _aFrance -- History -- Louis XIV, 1643-1715
653 _aFouquet, François
653 _aExiles -- France -- Alençon -- Biography
653 _aFouquet, Nicolas, 1615-1680
653 _aBishops -- France -- Narbonne -- Biography
653 _aChurch and state -- France -- History -- 17th century
830 0 _aProject Gutenberg
_v23199
856 4 0 _uhttp://www.gutenberg.org/ebooks/23199
942 _cEB
999 _c252454
_d252454